• 首页
  • 本馆介绍
  • 公告通知
  • 最新文献
  • 馆藏检索
  • 电子资源
  • 读者导购
  • 参考咨询
  • 我的图书馆
  • 登录
  • 详细信息显示
  • 放入我的书架
  • 预约/预借图书
  • 作者相关作品
  • 分类相关作品
  • 丛书相关作品
  • 出版社相关作品

书目信息

  • 表格格式
  • 工作单格式
  • 卡片格式
题名:
音乐教师专业发展新策略
    
 
作者: 陈钊安 著
分册:  
出版信息: 哈尔滨   北方文艺出版社  2020.12
页数: 160页
开本: 24cm
丛书名:
单 册:
中图分类: J6
科图分类:
主题词: 音乐--教师--师资培养--研究
电子资源:
ISBN: 978-7-5317-4971-4
000 00966nam0 2200253 45
001 012001001713
005 20141011101453.0
010    @a978-7-5317-4971-4@dCNY45.00
100    @a20210316d2020 em y0chiy50 ea
101 0  @achi
102    @aCN@b230000
105    @aa z 000yy
106    @ar
200 1  @a音乐教师专业发展新策略@Ayin yue jiao shi zhuan ye fa zhan xin ce lue@b专著@dMusic teacher major develop new strategies@f陈钊安著@zeng
210    @a哈尔滨@c北方文艺出版社@d2020.12
215    @a160页@c照片@d24cm
300    @a并列题名:Music teacher major develop new strategies
330    @a本书共七章,内容包括:绪论、音乐教师专业素质、音乐教师教学技能、音乐教学法、音乐教学模式、音乐教师团队研修、音乐教师的职业培养。
510 1  @aMusic teacher major develop new strategies@zeng
606 0  @a音乐@x教师@x师资培养@x研究
690    @aJ6@v5
701  0 @a陈钊安@Achen zhao an@4著
801  2 @aCN@b江苏凤凰@c20211018
905    @b1345425-8@dJ6@e1360@f4
    
    音乐教师专业发展新策略=Music teacher major develop new strategies/陈钊安著.-哈尔滨:北方文艺出版社,2020.12
    160页:照片;24cm
    并列题名:Music teacher major develop new strategies
    
    ISBN 978-7-5317-4971-4:CNY45.00
    本书共七章,内容包括:绪论、音乐教师专业素质、音乐教师教学技能、音乐教学法、音乐教学模式、音乐教师团队研修、音乐教师的职业培养。
●
相关链接 在E读中查询图书 在五车中查询图书 在当当中查询图书 在豆瓣中查询图书


正题名:音乐教师专业发展新策略     索取号:J6/1360         预约/预借

序号 登录号 条形码 馆藏地/架位号 状态 备注
1 1345425   213454251   第一样本阅览室/ [索取号:J6/1360] 在馆    
2 1345426   213454260   第一借阅区/ [索取号:J6/1360] 在馆    
3 1345427   213454279   第一借阅区/ [索取号:J6/1360] 在馆    
4 1345428   213454288   第一借阅区/ [索取号:J6/1360] 在馆    
唐山师范学院图书馆 欢迎您!
大连网信软件有限公司© 版权所有